Carbon black/silica master batch from fresh natural rubber latex (Record no. 55128)

MARC details
000 -LEADER
fixed length control field 01646nam a2200193Ia 4500
100 ## - MAIN ENTRY--AUTHOR NAME
Personal name Alex R
245 #0 - TITLE STATEMENT
Title Carbon black/silica master batch from fresh natural rubber latex
260 ## - PUBLICATION, DISTRIBUTION, ETC. (IMPRINT)
Name of publisher Rubber India
Year of publication 2011
300 ## - PHYSICAL DESCRIPTION
Number of Pages 52-54
520 ## - SUMMARY, ETC.
Summary, etc A new process for production of carbon black/silica master batches with enhanced mechanical properties has been developed. The unit operations in the process are the preparation of filler dispersion, in presence of suitable surfactant, addition of the dispersion to the fresh natural rubber latex under stirring, coagulation of the mixture by the addition of acid, dewatering of the coagulum, and drying to obtain filler incorporated NR. Mixed filler containing master batch prepared by the new process showed good cure characteristics as compared to the dry rubber incorporated mix. The mechanical properties like tensile strength, modulus, tear strength, abrasion resistance and hardness were superior for the vulcanizates prepared by the new method. The heat build-up values were considerably low for the latex filler master batches. Comparatively better ageing resistance was also recorded by these vulcanizates. The improvement in mechanical properties shown by the silica/carbon black master batches over the conventional mill mixed compounds was attributed to better filler dispersion evidenced from the result of filler dispersion data.
650 ## - SUBJECT ADDED ENTRY--TOPICAL TERM
Topical Term Carbon black/silica master batch
650 ## - SUBJECT ADDED ENTRY--TOPICAL TERM
Topical Term Natural rubber latex
650 ## - SUBJECT ADDED ENTRY--TOPICAL TERM
Topical Term Surfactant
700 ## - ADDED ENTRY--PERSONAL NAME
Personal name Chandra A K
700 ## - ADDED ENTRY--PERSONAL NAME
Personal name Kurian T
700 ## - ADDED ENTRY--PERSONAL NAME
Personal name Sasidharan K K
942 ## - ADDED ENTRY ELEMENTS (KOHA)
Koha item type Journals
Holdings
Withdrawn status Lost status Damaged status Not for loan Home library Current library Shelving location Date acquired Serial Enumeration / chronology Koha item type
      Journals RRII Library RRII Library Rubber technology 25/11/2011 Volume LXIII, Issue 11 Journals